[Event "Oberfranken-ch U16 0809"]
[Site "Schney"]
[Date "2009.01.02"]
[Round "2"]
[White "Theiss, Karsten"]
[Black "Lockenvitz, Felix"]
[Result "1-0"]
[WhiteElo "1448"]
[BlackElo "1126"]
[PlyCount "57"]
[EventDate "2009.01.02"]
[EventType "swiss"]
[EventRounds "7"]
[EventCountry "GER"]
[SourceTitle "EXT 2012"]
[Source "ChessBase"]
[SourceDate "2011.11.24"]
[SourceVersion "1"]
[SourceVersionDate "2011.11.24"]
[SourceQuality "1"]

1. e4 e5 2. Nf3 Nf6 3. Nxe5 d6 4. Nf3 Nxe4 5. Qe2 Qe7 6. d3 Nc5 7. h3 Bf5 8. Nc3 Nbd7 9. Nd5 Qxe2+ 10. Bxe2 Rc8 11. 0-0 c6 12. Nf4 Be7 13. Nd4 Be6 14. a3 Bf6 15. Ndxe6 fxe6 16. Rb1 e5 17. Nh5 0-0 18. Bg4 Rf7 19. b4 g6 20. Nxf6+ Rxf6 21. bxc5 Rd8 22. cxd6 Rxd6 23. Rxb7 a6 24. Bg5 Nf6 25. Re1 Re8 26. Bxf6 Rxf6 27. Bd7 Re7 28. Bxc6 Ree6 29. Bd5 1-0

[Event "Oberfranken-ch op 0607"]
[Site "Schney"]
[Date "2007.01.04"]
[Round "6"]
[White "Oberle, Marcus"]
[Black "Lockenvitz, Felix"]
[Result "1-0"]
[WhiteElo "1207"]
[BlackElo "971"]
[PlyCount "45"]
[EventDate "2007.01.02"]
[EventType "swiss"]
[EventRounds "9"]
[EventCountry "GER"]
[SourceTitle "EXT 2024"]
[Source "ChessBase"]
[SourceDate "2023.10.10"]
[SourceVersion "1"]
[SourceVersionDate "2023.10.10"]
[SourceQuality "1"]

1. e4 e6 2. d4 d5 3. Nc3 c5 4. Be3 cxd4 5. Bxd4 Nf6 6. f3 Bb4 7. exd5 Nxd5 8. Bxg7 Rg8 9. Bd4 Nc6 10. Nge2 e5 11. Bf2 Be6 12. Qd3 Rg7 13. a3 Ba5 14. 0-0-0 Qg5+ 15. Kb1 Rd8 16. Ne4 Qg6 17. c3 Nxc3+ 18. N2xc3 Rxd3 19. Bxd3 Qxg2 20. Rhg1 Qxg1 21. Rxg1 Rxg1+ 22. Bxg1 Ke7 23. Ng5 1-0

[Event "Oberfranken-ch op 0607"]
[Site "Schney"]
[Date "2007.01.03"]
[Round "4"]
[White "Schuepferling, Patrick"]
[Black "Lockenvitz, Felix"]
[Result "1/2-1/2"]
[WhiteElo "1343"]
[BlackElo "971"]
[PlyCount "26"]
[EventDate "2007.01.02"]
[EventType "swiss"]
[EventRounds "9"]
[EventCountry "GER"]
[SourceTitle "EXT 2024"]
[Source "ChessBase"]
[SourceDate "2023.10.10"]
[SourceVersion "1"]
[SourceVersionDate "2023.10.10"]
[SourceQuality "1"]

1. e4 e6 2. d4 d5 3. e5 c5 4. Nc3 cxd4 5. Qxd4 Nc6 6. Bb5 Bd7 7. Bxc6 Bxc6 8. Nf3 Be7 9. 0-0 Nh6 10. Bxh6 gxh6 11. Qg4 Kd7 12. Qg7 Qf8 13. Qxf8 Raxf8 1/2-1/2